| 000 | 00944nam a2200229 i 4500 | ||
|---|---|---|---|
| 001 | 12544 | ||
| 003 | ES-MaACL | ||
| 005 | 20230906150335.0 | ||
| 007 | t| | ||
| 008 | 960904s1996 sp l |||| | spa j | ||
| 020 | _a84-8151-253-2 | ||
| 080 | _a347.453.3/.4(460)(083.2) | ||
| 100 | 1 |
_aRocha García, Ernesto de la. _998053 |
|
| 245 | 1 | 0 |
_aFormularios a la nueva ley de arrendamientos urbanos _b: fórmulas transaccionales para evitar litigios, 47 modelos de las actuaciones a promover cuando no se logre evitarlos y 169 notificaciones, comunicaciones y requerimientos que la ley impone / _cErnesto de la Rocha García. |
| 260 |
_aGranada : _bComares, _c1996. |
||
| 300 |
_a303 p. ; _c22 cm. |
||
| 490 | 1 | _aBiblioteca Comares de ciencia jurídica | |
| 650 | 4 |
_aArrendamiento urbano- _zEspaña- _vFormularios. _910064 |
|
| 830 | 0 |
_aBiblioteca Comares de ciencia jurídica _9179318 |
|
| 852 |
_aES-MaACL _jL-19893 |
||
| 999 |
_c12544 _d12544 |
||